000 00625nam a2200217 a 4500
001 84381
003 BD-RjUL
005 20241127153130.0
008 241127s1959 bg ||||| |||| 00| 0 eng d
035 _a(BD-RjUL)84381
040 _aBD-RjUL
_beng
_cBD-RjUL
041 _aeng
082 _223
_a341
_bINT 1959
245 _aInternational organization /
_cBoard of Editors Rupert Emerson ...[et al.]
260 _aBoston :
_bThe World Peace Foundation,
_c1959
300 _a676 p.;
_c23 cm.
505 0 1 _aVol. XIII No.1, Winter 1959--
650 _aInternational law
700 _aEmerson, Rupert
_914456
942 _2ddc
_cBK
999 _c84381
_d84381